| 000 | 01475nam a2200265Ia 4500 | ||
|---|---|---|---|
| 999 |
_c34591 _d34591 |
||
| 001 | 352 | ||
| 003 | GE_BSU | ||
| 005 | 20200203154139.0 | ||
| 008 | 181216s2004||||ge |||||||||||||| ||geo|| | ||
| 020 | _a9992809744 | ||
| 040 | _cGE_BSU | ||
| 041 | _ageo | ||
| 080 | _a338((100)075.8) მ-80 | ||
| 100 |
_aმოვსესიანი, ა.გ. _96711 |
||
| 245 |
_aმსოფლიო ეკონომიკა : _b[სახელმძღვ. 2 ტომად. ტ. 2. / _c ა.გ. მოვსესიანი, ს.ბ. ოგნივცევი; სარედ. კოლ.: შოთა ვეშაპიძე, ნანა ასლამაზიშვილი, ეკა ლეკაშვილი და სხვ] ; რუს. თარგმნა შოთა ვეშაპიძემ. |
||
| 264 |
_aთბილისი : _bსოც.-ეკონ. ინ-ტი, _c2004. |
||
| 300 |
_a332 გვ. _bცხრ.. _c20სმ. |
||
| 504 | _aბიბლიოგრ. ტექსტ. შენიშვნ. | ||
| 653 | _aეკონომიკა | ||
| 653 | _a მსოფლიო ეკონომიკის სახელმძღვანელოები | ||
| 700 |
_a ოგნივცევი, ს.ბ. _eავტორი _96712 |
||
| 700 |
_a ვეშაპიძე, შოთა _96713 |
||
| 700 |
_a ასლამაზიშვილი, ნანა _eრედაქტორი _96714 |
||
| 942 |
_cBK _2udc |
||